000 00435cam a2200169ua 4500
020 _c3.00
041 _amal
_h
082 _a894.8122
_bSHA/LE
100 _aShakespeare, William.
245 _aLear Rajavu /
_cWilliam Shakespeare.
_hTextual Documents
260 _aKottayam :
_bSahitya Pravarthaka Co-operative Society ,
_c1959.
300 _a211 ; .
365 _a3.00
504 _a
942 _cBK
999 _c11731
_d11731